Cumbria Places - Sudden Death - Statistics

General Stats
  • This quiz has been taken 69 times
  • The average score is 12 of 16
Answers on the Grid
Answers color-coded by a green-red scale on the quiz's grid according to % correct below.
Ambleside
Andover
Appleby-in-Westmorland
Aylesbury
Barnsley
Barrow-in-Furness
Bowness-on-Windermere
Buxton
Camberley
Carlisle
Castle Donington
Coalville
Cockermouth
Consett
Egremont
Evesham
Grange-over-Sands
Grimsby
Harrogate
Kendal
Keswick
Kirkby Lonsdale
Maryport
Penrith
Petersfield
Redditch
Slough
St. Austell
Stratford-upon-Avon
Ulverston
Whitehaven
Workington
 
Answer Stats
Answer % Correct
Kendal
87%
Bowness-on-Windermere
85%
Keswick
85%
Carlisle
83%
Barrow-in-Furness
77%
Cockermouth
77%
Penrith
77%
Ambleside
74%
Kirkby Lonsdale
74%
Whitehaven
74%
Appleby-in-Westmorland
72%
Ulverston
70%
Grange-over-Sands
68%
Workington
68%
Egremont
60%
Maryport
58%
No matching quizzes found
Score Distribution
Percent of People with Each Score
Percentile by Number Answered
Your Score History
You have not taken this quiz